=LDR 00000nam 2200000 4500 =001 NUTBA000000000001615 =005 20200616080011 =035 ##$$a 0010-051400000000080 =008 200616################g##########0#ind## =020 ##$$a 978-979-3653-47-0 =082 ##$$a 2x4.251 =100 1#$$a Mu'is, fahrur =245 1#$$a sedekah tanpa uang /$c Fahrur Mu'is =260 ##$$a solo :$b aqwam,$c 2007 =440 ##$$asedekah tanpa uang =084 ##$$a 2x4.251 MUI s =250 ##$$a cet.1 =300 ##$$a 138 hlm., ; $c 13 x 19,5 cm =650 #4$$a Amal Jariyah =504 ##$$a Bibliografi : hlm. 133 - 134 =990 ##$$a 20901187 =990 ##$$a 20901185/Pb-09